000 00809nam a2200277Ia 4500
001 Para_3824
003 CHAP
008 220125s1944 xx 000 0 und d
010 _a202345
040 _cCHAP
090 _aPA FOLLETO 1045
100 _aPhilip, G. L
_987787
245 _aPollination of decidous fruit by bees /
_c G. L. Philip and G. H. Vansell
260 _aBerkeley, Cal. :
_b University of California
300 _a26 p.
440 _aCalifornia Agr. Ext. Serv. Circular; 62
_9167491
650 _aPolinización Abejas Arboles frutales
_9167492
700 _aVansell, G. H.
_9167493
901 _aPA FOLLETO 1045
902 _aA
905 _a0000001944 BER 0000000000 00
910 _a1944
942 _cPARA
942 _cPARA
_d1
999 _c202345
_d202345